Quick Pick: _ _ P Quiz Stats

Quiz not verified by Sporcle

Also try: Quick Pick: _ _ F
Challenge
Share
Tweet
Embed
Score 0/17 Timer 01:30
0 Plays Today
% Correct
Hip
94.3%
ZIP
94.3%
Map
93.1%
Lip
92.5%
Tap
89.9%
Rip
89.3%
Dip
88.7%
Nip
88.7%
Pop
86.2%
% Correct
Wop
84.9%
Asp
80.5%
Cap
76.1%
Gap
74.2%
Exp
67.3%
Kop
62.3%
Bap
52.2%
Imp
45.9%

You're not logged in!

Compare scores with friends on all Sporcle quizzes.
Sign Up with Email
OR
Log In

You Might Also Like...

Show Comments

Extras

Top Quizzes Today


Score Distribution

Your Account Isn't Verified!

In order to create a playlist on Sporcle, you need to verify the email address you used during registration. Go to your Sporcle Settings to finish the process.